Minister sets out disease control priorities (Record no. 66464)

MARC details
000 -LEADER
fixed length control field 01525cam a2200289 4500
001 - CONTROL NUMBER
control field WB3712-40
008 - FIXED-LENGTH DATA ELEMENTS--GENERAL INFORMATION
fixed length control field 000000n2001 000 0 eng u
035 ## - SYSTEM CONTROL NUMBER
System control number (Sirsi) u111528
245 ## - TITLE STATEMENT
Title Minister sets out disease control priorities
260 ## - PUBLICATION, DISTRIBUTION, ETC.
Date of publication, distribution, etc. 2001
490 ## - SERIES STATEMENT
Series statement MAFF News Release
Volume/sequential designation (89/01) 15 March 2001, (1)
490 ## - SERIES STATEMENT
Series statement MAFF News Release
Volume/sequential designation (97/01) 15 March 2001, (4)
490 ## - SERIES STATEMENT
Series statement Financial Times
Volume/sequential designation 16 March 2001, 1-2(2)
490 ## - SERIES STATEMENT
Series statement MAFF News Release
Volume/sequential designation (103/01) 20 March 2001, (1)
520 ## - SUMMARY, ETC.
Summary, etc. The Minister for Agriculture has outlined the government's five key foot and mouth disease control aims as: keeping areas unaffected by the outbreak free of disease; halting the deterioration of the situation in Devon; stopping the disease spreading in Cumbria and South West Scotland; minimising the spread of disease from Longtown, Northampton and Welshpool markets; and eliminating infection in flocks sold through dealers known to have handled infected flocks. The precautionary slaughter of up to 1m animals on farms in Cumbria and Dumfriesshire within 3km of confirmed outbreaks has also been announced. Army logistic support teams will control and supervise the dispersal process.
590 ## - LOCAL NOTE (RLIN)
Local note WB
650 ## - SUBJECT ADDED ENTRY--TOPICAL TERM
Topical term or geographic name entry element CATTLE
650 ## - SUBJECT ADDED ENTRY--TOPICAL TERM
Topical term or geographic name entry element CUMBRIA
650 ## - SUBJECT ADDED ENTRY--TOPICAL TERM
Topical term or geographic name entry element DUMFRIES
650 ## - SUBJECT ADDED ENTRY--TOPICAL TERM
Topical term or geographic name entry element FARMING INDUSTRY
650 ## - SUBJECT ADDED ENTRY--TOPICAL TERM
Topical term or geographic name entry element FOOT-AND-MOUTH DISEASE
650 ## - SUBJECT ADDED ENTRY--TOPICAL TERM
Topical term or geographic name entry element PROPERTY-RURAL AND NATURAL ASSETS-AGRICULTURAL PROPERTY-LIVESTOCK
650 ## - SUBJECT ADDED ENTRY--TOPICAL TERM
Topical term or geographic name entry element PIGS
650 ## - SUBJECT ADDED ENTRY--TOPICAL TERM
Topical term or geographic name entry element SHEEP
690 ## - LOCAL SUBJECT ADDED ENTRY--TOPICAL TERM (OCLC, RLIN)
Topical term or geographic name as entry element Rural
9 (RLIN) 6268
942 ## - ADDED ENTRY ELEMENTS (KOHA)
Suppress in OPAC 0
Holdings
Withdrawn status Lost status Source of classification or shelving scheme Damaged status Not for loan Home library Current library Shelving location Date acquired Total Checkouts Full call number Barcode Date last seen Copy number Price effective from Koha item type
    Dewey Decimal Classification     London London News article 21/03/2001   WB3712-40 111528-1001 06/08/2019 1 06/08/2019 News article